Joseph E. Sprague correspondence, (Record no. 40952)

MARC details
000 -LEADER
fixed length control field 01303cpmaa2200313 a 4500
001 - CONTROL NUMBER
control field mm 79001811
003 - CONTROL NUMBER IDENTIFIER
control field DLC
005 - DATE AND TIME OF LATEST TRANSACTION
control field 20260227111638.0
008 - FIXED-LENGTH DATA ELEMENTS--GENERAL INFORMATION
fixed length control field 791217|||||||||||| eng
010 ## - LIBRARY OF CONGRESS CONTROL NUMBER
LC control number mm 79001811
040 ## - CATALOGING SOURCE
Original cataloging agency DLC
Transcribing agency DLC
Description conventions dacs
Modifying agency DLC
072 #7 - SUBJECT CATEGORY CODE
Subject category code N
Source lcmd
100 1# - MAIN ENTRY--PERSONAL NAME
Personal name Sprague, Joseph E.,
Dates associated with a name 1782-1852.
245 00 - TITLE STATEMENT
Title Joseph E. Sprague correspondence,
Inclusive dates 1832 October 23.
300 ## - PHYSICAL DESCRIPTION
Extent 1
Type of unit item.
506 0# - RESTRICTIONS ON ACCESS NOTE
Terms governing access Open to research.
520 8# - SUMMARY, ETC.
Summary, etc. ALS written by Sprague to H. A. S. Dearborn discussing national politics and nullification and mentioning Henry Clay, Andrew Jackson, and William Wirt.
545 0# - BIOGRAPHICAL OR HISTORICAL DATA
Biographical or historical data Owner of a shipping and distillery business in Salem, Mass.
546 ## - LANGUAGE NOTE
Language note Collection material in English.
580 ## - LINKING ENTRY COMPLEXITY NOTE
Linking entry complexity note Forms part of: Miscellaneous Manuscripts collection.
600 10 - SUBJECT ADDED ENTRY--PERSONAL NAME
Personal name Clay, Henry,
Dates associated with a name 1777-1852.
600 10 - SUBJECT ADDED ENTRY--PERSONAL NAME
Personal name Dearborn, H. A. S.
Fuller form of name (Henry Alexander Scammell),
Dates associated with a name 1783-1851
Form subdivision Correspondence.
600 10 - SUBJECT ADDED ENTRY--PERSONAL NAME
Personal name Jackson, Andrew,
Dates associated with a name 1767-1845.
600 10 - SUBJECT ADDED ENTRY--PERSONAL NAME
Personal name Wirt, William,
Dates associated with a name 1772-1834.
650 #0 - SUBJECT ADDED ENTRY--TOPICAL TERM
Topical term or geographic name entry element Nullification (States' rights)
651 #0 - SUBJECT ADDED ENTRY--GEOGRAPHIC NAME
Geographic name United States
General subdivision Politics and government
Chronological subdivision 1829-1837.
656 #7 - INDEX TERM--OCCUPATION
Occupation Businessmen.
Source of term itoamc

No items available.

Powered by Koha